000 01468nam0a22002891 4500
001 rc\3930764
005 20130415112345.8
021 _aRU
_b[48-8656]
035 _a(NLR Aleph) 008032201
090 _a8828220
_c8828220
100 _a20130415d1948 |||y0rusy50 ca
101 0 _arus
102 _aRU
105 _aa c |||||
200 1 _aГеология
_eМетод. указания с кратким изложением курса
_eДля заочников пед. ин-тов. Фак. геогр.
_fГл. упр. высш. учеб. заведений М-ва просвещения РСФСР. Науч.-метод. кабинет по заоч. обучению учителей
210 _aМосква
_cУчпедгиз
_d1948
_gТип. им. Мяги в Куйбышеве
215 _a144 с.
_cил.
_d22
300 _aНа обороте тит. л. авт.: доц. Г.Г. Астрова, доц. А.И. Равикович
606 _aГеология
_jПособия заочные
_2psbo
700 1 _aАстрова
_bГ. Г.
_f1906-1973
_gГалина Григорьевна
701 1 _aРавикович
_bА. И.
_gАлександра Иосифовна
712 0 2 _aНаучно-методический кабинет по заочному обучению учителей
_cМосква
_3RU\NLR\AUTH\8810950
801 0 _aRU
_bNLR
_gpsbo
801 1 _aRU
_bELAR
_2rusmarc
852 _aNLR
_jГн02 Г-5/101
942 _cBOOK
980 _aNB